000000077 001__ 77 000000077 005__ 20260410124442.0 000000077 0247_ $$2DOI$$a10.6083/M41N7Z2T 000000077 037__ $$aETD 000000077 245__ $$aSimulation and performance evaluation of a graph reduction machine architecture 000000077 269__ $$a1984 000000077 336__ $$aThesis 000000077 502__ $$bM.S. 000000077 542__ $$fIn copyright - single owner 000000077 6531_ $$agraph grammars 000000077 6531_ $$afunctional programming (computer science) 000000077 6531_ $$acomputer architecture 000000077 692__ $$aDepartment of Computer Science and Engineering$$041405 000000077 7001_ $$aSarangi, Ananda G. 000000077 8564_ $$9b1597cdb-55a2-4d9d-b6d1-dabd077aeef3$$s3652698$$uhttps://digitalcollections.ohsu.edu/record/77/files/77_etd.pdf$$ePublic$$2c6e3f6a93bc8be48b9fcfbae263348dc$$31 000000077 901__ $$a<p>These documents are archival records. They are retained for historical reference only. </p><p><b>Need an accessible version? Use the ‘Get Accessible Copy’ link above.</b></p> 000000077 905__ $$a/rest/prod/1j/92/g7/44/1j92g7448 000000077 909CO $$ooai:digitalcollections.ohsu.edu:77$$pstudent-work 000000077 956__ $$aGet Accessible Copy$$uhttps://ohsu.libwizard.com/f/requestaccessibledocument 000000077 980__ $$aTheses and Dissertations